LEADER 02933oam 2200625I 450 001 9910459963903321 005 20200520144314.0 010 $a1-315-83778-1 010 $a1-317-87491-9 024 7 $a10.4324/9781315837789 035 $a(CKB)3710000000251715 035 $a(EBL)1810469 035 $a(SSID)ssj0001379203 035 $a(PQKBManifestationID)11790555 035 $a(PQKBTitleCode)TC0001379203 035 $a(PQKBWorkID)11355608 035 $a(PQKB)10192914 035 $a(MiAaPQ)EBC1810469 035 $a(Au-PeEL)EBL1810469 035 $a(CaPaEBR)ebr10949976 035 $a(OCoLC)893683005 035 $a(OCoLC)897462880 035 $a(EXLCZ)993710000000251715 100 $a20180706e20142003 uy 0 101 0 $aeng 135 $aur|n|---||||| 181 $ctxt 182 $cc 183 $acr 200 14$aThe western /$fDavid Lusted 210 1$aOxon [England] :$cRoutledge,$d2014. 215 $a1 online resource (337 p.) 225 1 $aInside film 300 $aFirst published 2003 by Pearson Education. 311 $a1-138-17170-0 311 $a0-582-43736-9 320 $aIncludes bibliographical references and index. 320 $aIncludes filmography (pages 290-300). 327 $aCover; Half Title; Title; Copyright; DEDICATION; CONTENTS; Acknowledgements; Referencing Notes; List of Photographs; PART ONE - THE BACKGROUND; 1. The Western as an Imaginary Space; 2. The Western in Film and Cultural Studies; PART TWO - THE FILMS; 3. Where the Western Came From: Antecedents of the Western Film; 4. The Silent Western; 5. The Series Western; 6. The Epic Western; 7. The Romance Western; 8. The Dystopian Western; 9. The Elegiac Western; 10. The Revisionist Western; Further Reading; Bibliography; Filmography; Index 330 $aThe Western introduces the novice to the pleasures and the meanings of the Western film, shares the excitement of the genre with the fan, addresses the suspicions of the cynic and develops the knowledge of the student. The Western is about the changing times of the Western, and about how it has been understood in film criticism. Until the 1980s, more Westerns were made than any other type of film. For fifty of those years, the genre was central to Hollywood''s popularity and profitability. The Western explores the reasons for its success and its latter-day decline among film-makers and audienc 410 0$aInside film. 606 $aWestern films$zUnited States$xHistory and criticism 606 $aWestern films$xHistory and criticism 608 $aElectronic books. 615 0$aWestern films$xHistory and criticism. 615 0$aWestern films$xHistory and criticism. 676 $a791.43/6278 700 $aLusted$b David.$0921131 801 0$bMiAaPQ 801 1$bMiAaPQ 801 2$bMiAaPQ 906 $aBOOK 912 $a9910459963903321 996 $aThe western$92066109 997 $aUNINA LEADER 04103 am 2200697 n 450 001 9910131518603321 005 20150625 010 $a2-7535-2422-X 024 7 $a10.4000/books.pur.23366 035 $a(CKB)3710000000442050 035 $a(FrMaCLE)OB-pur-23366 035 $a(oapen)https://directory.doabooks.org/handle/20.500.12854/42581 035 $a(PPN)267952805 035 $a(EXLCZ)993710000000442050 100 $a20150709j|||||||| ||| 0 101 0 $afre 135 $auu||||||m|||| 181 $ctxt$2rdacontent 182 $cc$2rdamedia 183 $acr$2rdacarrier 200 14$aLes cahiers de doléances $eUne relecture culturelle /$fPhilippe Grateau 210 $aRennes $cPresses universitaires de Rennes$d2015 215 $a1 online resource (405 p.) 311 $a2-86847-576-0 330 $aMême s'il vit encore au rythme des traditions et des contraintes, le XVIIIe siècle est le siècle de tous les changements. La révolution des valeurs bouleverse les habitudes les plus solidement ancrées. Les élites éclairées chantent les vertus de la liberté et de l'égalité et rêvent de bonheur pour le genre humain. Les progrès agricoles et l'ouverture des grandes routes royales dynamisent les échanges, stimulent la consommation et brouillent les frontières entre le luxe et le strict nécessaire. De leur côté, les autorités civiles et religieuses conjuguent leurs efforts pour doter les campagnes de maîtres d'écoles, de chirurgiens et de sages-femmes compétents et expérimentés. Comment les ruraux ont-ils accueilli et vécu ces nouveautés ? Que sait ? on des aspirations philosophiques, morales et politiques des petites-gens ? Que deviennent les idéaux des Lumières dans le cadre villageois ? Comment la génération de 1789 a-t-elle vécu les mutations matérielles et intellectuelles de son temps ? Seuls les cahiers de doléances sont capables de nous le dire ; à condition toutefois d'en renouveler profondément les questionnements et d'en faire une relecture culturelle. Cette enquête, nourrie de l'historiographie récente joue sur les variations d'échelle - nationale, régionale et locale - et montre comment les cahiers de doléances sont le fruit d'un partage culturel né d'une rencontre, inédite à l'échelle du royaume, entre le monde des élites et celui des humbles. Ainsi, l'étude des aspirations des Français de 1789 souligne le jeu complexe « d'acculturation » et « d'inculturation » entre les nantis et les gagne-petit. Cette recherche confirme, au niveau du royaume, le degré d'autonomie et les clivages des mondes ruraux qui, dans leur diversité géographique comme dans leur complexité sociale, se rallient, refusent ou intègrent, en les adaptant, des valeurs et des pratiques qui leur sont a priori étrangères. 606 $aHistory 606 $aPsychology, Social 606 $ahistoriographie 606 $acahiers de doléances 606 $aÉtats généraux (1789 ; Versailles) 606 $ahistoire des représentations 606 $ahistoire des mentalités 606 $aculture politique 606 $aconditions sociales 606 $apaysannerie 610 $ahistoriographie 610 $aÉtats généraux (1789 610 $ahistoire des mentalités 610 $aculture politique 610 $ahistoire des représentations 610 $aconditions sociales 610 $acahiers de doléances 610 $aVersailles) 610 $apaysannerie 615 4$aHistory 615 4$aPsychology, Social 615 4$ahistoriographie 615 4$acahiers de doléances 615 4$aÉtats généraux (1789 ; Versailles) 615 4$ahistoire des représentations 615 4$ahistoire des mentalités 615 4$aculture politique 615 4$aconditions sociales 615 4$apaysannerie 700 $aGrateau$b Philippe$01323557 701 $aRoche$b Daniel$0154771 801 0$bFR-FrMaCLE 906 $aBOOK 912 $a9910131518603321 996 $aLes cahiers de doléances$93035675 997 $aUNINA